009_ Personnalités nées un 9 janvier par images - Statistiques

Statistiques générales
  • Ce quiz a été pris 57 fois
  • Le résultat moyen est 4 sur 9
Statistiques - réponses
Par images Hint Réponse % Correct
Chanteuse Lara Fabian
96%
Famille Royale Catherine Middleton
77%
Politicien Michel Barnier
63%
Dirigeant Politique Richard Nixon
61%
Écrivaine Simone de Beauvoir
50%
Chanteur Sean Paul
43%
Chanteur Alvaro Soler
14%
Musicien Jimmy Page
7%
Gymnaste Agnes Keleti
4%
Aucun quiz correspondant
Distribution des résultats
% des personnes avec chaque résultat
Percentile par nombre de réponses
Votre historique - résultats
Vous n’avez pas pris ce quiz